| 000 | 01217nam a2200349Ii 4500 | ||
|---|---|---|---|
| 001 | DIGVIETO050 | ||
| 003 | NyNyDIG | ||
| 006 | m o d | ||
| 007 | cr ||||||||||| | ||
| 008 | 130601s2013 sp o 000 0 spa d | ||
| 020 | _z9788415216629 | ||
| 020 | _z8415216629 | ||
| 035 | _a(OCoLC)888284624 | ||
| 040 |
_aDGITA _beng _epn _cDGITA |
||
| 050 | 1 | 4 | _aHM101 eBook |
| 100 | 1 | _aMonereo Pérez, José Luis. | |
| 245 | 1 | 0 |
_aModernidad y capitalismo : _bMax Weber y los dilemas de la Teoría política y jurídica / _cJosé Luis Monereo. |
| 264 | 1 |
_a[Mataro (Barcelona)] : _bEl Viejo Topo / Ediciones de Intervención Cultural, S.L., _c2013. |
|
| 300 | _a1 online resource (439 pages) | ||
| 336 |
_atext _btxt _2rdacontent |
||
| 337 |
_acomputer _bc _2rdamedia |
||
| 338 |
_aonline resource _bcr _2rdacarrier |
||
| 600 | 1 | 0 |
_aWeber, Max, _d1864-1920. |
| 650 | 0 | _aCivilization, Modern. | |
| 650 | 0 | _aCapitalism. | |
| 655 | 0 | _aElectronic books. | |
| 791 | 2 |
_aDigitalia (Firm), _edistributor. |
|
| 793 | 0 |
_gDigitalia eBook Collection: _aEl Viejo Topo. |
|
| 856 | 4 | 0 |
_3Digitalia Hispánica _uhttps://www.digitaliapublishing.com/a/19406/ |
| 910 | _aPremium Collection: 2007-2012 | ||
| 942 | _cRAA | ||
| 999 |
_c236458 _d236458 |
||